000 00440nam a2200145Ia 4500
003 OSt
005 20260226102932.0
008 211028s2019 xx 000 0 und d
040 _cAIMIT LIBRARY
041 _aeng
100 _aDsouza, Monica Carol; Balaraju.
_g1716114
_98092
245 _aDetailed study of Karkala Nursing home in perspective of stress on women nurses /
260 _aMangalore
_bT Ramesh Kamath
_c2019
942 _2ddc
_cPRO
999 _c219660
_d219660